The Bitcoin Standard /

When a pseudonymous programmer introduced "a new electronic cash system that's fully peer-to-peer, with no trusted third party" to a small online mailing list in 2008, very few paid attention. Ten years later, and against all odds, this upstart autonomous decentralized software offers...

Full description

Bibliographic Details
Main Author: Ammous, Saifedean (Author)
Corporate Author: Safari, an O'Reilly Media Company
Format: eBook
Language:English
Published: Wiley, 2018.
Edition:1st edition.
Subjects:
Online Access:Connect to this electronic resource

MARC

Tag First Indicator Second Indicator Subfields
LEADER 00000uam a2200000 a 4500
001 in00004231421
005 20260128152000.1
006 m o d
007 cr cn
008 231019s2018 xx o eng
020 |z 9781119473862 
020 |z 9781119473916 
035 |a (CaSebORM)9781119473862 
040 |d UtOrBLW 
041 0 |a eng 
100 1 |a Ammous, Saifedean,  |e author. 
245 1 4 |a The Bitcoin Standard /  |c Ammous, Saifedean. 
250 |a 1st edition. 
264 1 |b Wiley,  |c 2018. 
300 |a 1 online resource (304 pages) 
336 |a text  |b txt  |2 rdacontent 
337 |a computer  |b c  |2 rdamedia 
338 |a online resource  |b cr  |2 rdacarrier 
347 |a text file 
520 |a When a pseudonymous programmer introduced "a new electronic cash system that's fully peer-to-peer, with no trusted third party" to a small online mailing list in 2008, very few paid attention. Ten years later, and against all odds, this upstart autonomous decentralized software offers an unstoppable and globally-accessible hard money alternative to modern central banks. The Bitcoin Standard analyzes the historical context to the rise of Bitcoin, the economic properties that have allowed it to grow quickly, and its likely economic, political, and social implications. While Bitcoin is a new invention of the digital age, the problem it purports to solve is as old as human society itself: transferring value across time and space. Ammous takes the reader on an engaging journey through the history of technologies performing the functions of money, from primitive systems of trading limestones and seashells, to metals, coins, the gold standard, and modern government debt. Exploring what gave these technologies their monetary role, and how most lost it, provides the reader with a good idea of what makes for sound money, and sets the stage for an economic discussion of its consequences for individual and societal future-orientation, capital accumulation, trade, peace, culture, and art. Compellingly, Ammous shows that it is no coincidence that the loftiest achievements of humanity have come in societies enjoying the benefits of sound monetary regimes, nor is it coincidental that monetary collapse has usually accompanied civilizational collapse. With this background in place, the book moves on to explain the operation of Bitcoin in a functional and intuitive way. Bitcoin is a decentralized, distributed piece of software that converts electricity and processing power into indisputably accurate records, thus allowing its users to utilize the Internet to perform the traditional functions of money without having to rely on, or trust, any authorities or infrastructure in the physical world. Bitcoin is thus best understood as the first successfully implemented form of digital cash and digital hard money. With an automated and perfectly predictable monetary policy, and the ability to perform final settlement of large sums across the world in a matter of minutes, Bitcoin's real competitive edge might just be as a store of value and network for final settlement of large payments-a digital form of gold with a built-in settlement infrastructure. Ammous' firm grasp o... 
533 |a Electronic reproduction.  |b Boston, MA :  |c Safari,  |n Available via World Wide Web.  |d 2018. 
538 |a Mode of access: World Wide Web. 
542 |f Copyright © 2018 by John Wiley & Sons  |g 2018 
588 |a Online resource; Title from title page (viewed April 24, 2018) 
500 |a Electronic resource. 
655 7 |a Electronic books.  |2 local 
710 2 |a Safari, an O'Reilly Media Company. 
856 4 0 |u https://proxy.library.tamu.edu/login?url=https://go.oreilly.com/TAMU/library/view/-/9781119473862/?ar  |z Connect to this electronic resource  |t 0 
999 f f |s e29fe71e-e7a5-3820-bf41-0087c1797b50  |i 888d568a-322c-3f62-bd22-caf342a93fb3  |t 0 
952 f f |a Texas A&M University  |b College Station  |c Electronic Resources  |s www_evans  |d Available Online  |t 0  |h No information provided 
998 f f |t 0  |l Available Online